banner-ar

الاصالة و الابداع الجغرافى فى الحضارات القديمة : (Record no. 61762)

MARC details
000 -الفاتح
حقل البيانات ثابتة الطول 01155nam a22002657a 4500
005 - وقت وتاريخ اخر تعامل مع التسجيلة
رقم الضبط 20240530110515.0
008 - عناصر البيانات ثابتة الطول - معلومات عامة
حقل البيانات ثابتة الطول 160116s2013 ua a g b 000 0 ara d
017 ## - رقم الايداع القانونى
رقم الايداع القانونى 2012/10654
المصدر ( الهيئة المختصة) مصر . دار الكتب المصرية
020 ## - الرقم الدولى المعيارى للكتب
الرقم الدولى المعيارى للكتاب 9789774382988
040 ## - مصدر الفهرسة
وكالة الفهرسة الأصلية EG-CaGPL
082 04 - رقم تصنيف ديوى العشرى
رقم الطبعة 21
رقم التصنيف 911\
رقم المادة ر أ
100 0# - المدخل الرئيسى - إسم شخصى
الإسم الشخصى رائد راكان قاسم الجوارى
245 12 - بيان العنوان
العنوان الاصالة و الابداع الجغرافى فى الحضارات القديمة :
بقية العنوان الحضارة اليونانية : دراسة فى الفكر الجغرافى /
بيان المسئوليه,etc تاليف رائد راكان قاسم الجوارى
250 ## - بيان الطبعة
بيان الطبعة ط1.
260 ## - PUBLICATION, DISTRIBUTION, ETC. (IMPRINT)
تاريخ النشر أو التوزيع 2013 .
300 ## - الوصف المادى
التعداد 272 ص ؛
أبعاد الوعاء 24 سم .
504 ## - تبصرة ببليوجرافية
تبصرة ببليوجرافية,الخ يشتمل على ارجاعات ببليوجرافية
650 04 - المدخل الاضافى بالموضوع-مصطلح موضوعى
مصطلح موضوعي الجغرافيا .
650 04 - المدخل الاضافى بالموضوع-مصطلح موضوعى
مصطلح موضوعي الجغرافيا التاريخية .
650 04 - المدخل الاضافى بالموضوع-مصطلح موضوعى
مصطلح موضوعي الجغرافيا القديمة .
651 04 - المدخل الاضافى بالموضوع - اسم جغرافى
الاسم الجغرافي اليونان
التقسيم الفرعي العام جغرافيا .
651 04 - المدخل الاضافى بالموضوع - اسم جغرافى
الاسم الجغرافي العالم القديم
التقسيم الفرعي العام جغرافيا .
942 ## - عناصر المدخل الإضافي( كوها)
مصدر التصنيف او مخطط الترفيف Dewey Decimal Classification
Koha [default] item type كتاب
260 ## - PUBLICATION, DISTRIBUTION, ETC. (IMPRINT)
-- الاسكندرية :
-- المكتب الجامعى الحديث ،
Holdings
حالة التراجع حالة الفقد حالة تلف ليس للاعارة المكان المؤقت الموقع الحالى تاريخ الاكتساب اجمالي اﻻعارات رقم الطلب الباركود تاريخ اخر مشاهدة تاريخ تفعيل السعر نوع وعاء كوها
        مكتبة القاهرة الكبرى مكتبة القاهرة الكبرى 01/16/2016   911\ ر أ 161140 01/16/2016 01/16/2016 كتاب

Powered By

EGPV